70's-80's Cartoons by Pictures Quiz Stats

 Plays Quiz not verified by Sporcle

Score 0/20 Timer 05:00
0 Plays Today
Cartoon % Correct
Inspector Gadget
90.9%
The Real Ghostbusters
79.7%
The Transformers
79.3%
The Smurfs
78.3%
G.I. Joe: A Real American Hero
72.6%
Josie and the Pussycats
72.2%
Fat Albert and the Cosby Kids
71.5%
Captain Caveman and the Teen Angels
67.8%
Pac Man
65.9%
Masters of the Universe
55.3%
Cartoon % Correct
ThunderCats
53.2%
Chip 'n Dale Rescue Rangers
47.9%
Hong Kong Phooey
45.3%
The Plastic Man Comedy Adventure Show
27.4%
Dynomutt - Dog Wonder
20.2%
M.A.S.K.
19.9%
Inch High Private Eye
18.9%
Silverhawks
13.5%
Wheelie and the Chopper Bunch
7%
Turbo Teen
6.6%

You're not logged in!

Compare scores with friends on all Sporcle quizzes.
OR
Log In

You Might Also Like...

Show Comments

Extras

Top Quizzes Today


Score Distribution

Your Account Isn't Verified!

In order to create a playlist on Sporcle, you need to verify the email address you used during registration. Go to your Sporcle Settings to finish the process.

Report this User

Report this user for behavior that violates our Community Guidelines.

Details: